000 01985nam a2200361 i 4500
001 000000753
003 DO-SdBNP
005 20260309110007.0
007 ta
008 090509s1999 dr c 000 0bspa d
040 _aDO-SdBNP
_bspa
_cBNPHU
_erda
041 _aspa
082 4 _a923.17293
_bB171r
_222
100 1 _aRamírez Morillo, Belarminio,
_eautor
_d1964-
_4aut.
_92520
245 1 0 _aJoaquín Balaguer :
_bla escuela del poder, su biografía, su pensamiento, su obra /
_cBelarminio Ramírez Morillo.
264 1 _aSanto Domingo :
_bInstituto de Formación Política,
_c1999.
300 _a240 páginas :
_bretratos ;
_c22 cm.
336 _atexto
_btxt
_2rdacontent
337 _asin mediación
_bn
_2rdamedia
338 _avolumen
_bnc
_2rdacarrier
500 _aIncluye índice onomástico
500 _aIncluye referencias bibliográficas y notas al pie de las páginas
504 _aBibliografía : páginas 231-236
505 2 _aPresentación --
_tPrólogo --
_tIntroducción --
_gCapítulo 1.
_tRaíces genealógicas de la familia Balaguer-Ricardo --
_gCapítulo 2.
_tPérfiles de su personalidad --
_gCapítulo 3.
_tEl reloj de la historia --
_gCapítulo 4.
_tBalaguer en la era de Trujillo --
_gCapítulo 5.
_tBalaguer y el proceso de democratización --
_gCapítulo 6.
_tEl exilio --
_gCapítulo 7.
_tLa campaña electoral de 1966 --
_gCapítulo 8.
_tBalaguer y la transición democrática --
_gCapítulo 9.
_tPerfiles del Balaguer político --
_gCapítulo 10.
_tEl regreso de Balaguer --
_tBibliografía --
_tÍndice Onomástico.
590 _aInventariado,2018/DG
600 1 0 _a Balaguer, Joaquín,
_d1906-2002
_976556
600 1 0 _a Balaguer, Joaquín,
_d1906-2002
_xPensamiento político
_976556
651 4 _aRepública Dominicana
_xPolítica y gobierno
_y1930-1961
_9479
651 4 _aRepública Dominicana
_xPolítica y gobierno
_y1961-
_9204
651 4 _aRepública Dominicana
_yEra de Trujillo, 1930-1961
_92577
910 _aValidado. Control de calidad MMOLINA
942 _2ddc
_cLBS1
999 _c749
_d749